000 00470nam a22001577a 4500
999 _c17100
_d17100
008 180807b xxu||||| |||| 00| 0 eng d
020 _a8171096972
040 _aKABU
_cKABU
050 _aBR95
_b.E53 c. 1
245 _aEncyclopedia of theology
_bthe concise sacramentum Mundi
_cedited by Karl Rahner
260 _aMumbai
_bSt. Pauls
_c1975
300 _axiv, 1841 p.
650 _aThology
_vDictionaries
700 _aRahner, Karl (ed.).
942 _2lcc
_cBK
_hBR95